-
BECKETT,A.H AND STENLAKE, J.B.
Entry Personal Name
Number of records used in: 2
001 - CONTROL NUMBER
003 - CONTROL NUMBER IDENTIFIER
005 - DATE AND TIME OF LATEST TRANSACTION
- control field:
20220209111742.0
008 - FIXED-LENGTH DATA ELEMENTS
- fixed length control field:
220209|| aca||aabn | a|a d
040 ## - CATALOGING SOURCE
- Original cataloging agency:
OSt
- Transcribing agency:
OSt
100 ## - HEADING--PERSONAL NAME
- Personal name:
BECKETT,A.H AND STENLAKE, J.B.
670 ## - SOURCE DATA FOUND
- Source citation:
Work cat.: (OSt)6127: BECKETT,A.H AND STENLAKE, J.B., PRACTICAL PHARMACEUTICAL CHEMISTRY- (vol -1), 2005